00306nam a2200121Ia 4500008004100000041001200041082001700053100002000070245004400090260002000134300000800154650002200162231217s9999 xx 000 0 und d aEnglish a001.642 FOR aFortier, Paul J 0aDesign of distributed operating systems c1986bIntertext a323 aOperating systems